[Event "Detroit (MI Op/2/30)"]
[Site "?"]
[Date "1992.??.??"]
[Round "?"]
[White "Levadi, David"]
[Black "Raupp, Kenneth L"]
[Result "1-0"]
[WhiteElo "1975"]
[BlackElo "1625"]
[PlyCount "57"]
[EventDate "1992.??.??"]

{2/(30)} 1. Nf3 f5 2. b3 Nf6 3. g3 g6 4. Bb2 Bg7 5. Bg2 O-O 6. O-O d6 7. c4 c6
8. d4 Nbd7 9. Nc3 Qc7 10. Ng5 Nb8 11. f4 h6 12. Nf3 Ng4 13. Qd2 Bd7 14. Nh4 Kh7
15. Kh1 Qb6 16. Rad1 Na6 17. e4 Rad8 18. Qe2 g5 19. Nxf5 Nf6 20. Nxg7 Kxg7 21.
e5 Nh7 22. e6 Be8 23. fxg5 hxg5 24. Rxf8 Kxf8 25. Rf1+ Kg7 26. d5 Nf6 27. Ne4
Bg6 28. Nxf6 exf6 29. Bxf6+ 1-0

[Event "Detroit (Pan Am/4)"]
[Site "?"]
[Date "1992.??.??"]
[Round "?"]
[White "Levadi, David"]
[Black "Rajlich, Vasik"]
[Result "0-1"]
[WhiteElo "1995"]
[BlackElo "2080"]
[PlyCount "60"]
[EventDate "1992.??.??"]

1. Nf3 d5 2. g3 Nf6 3. Bg2 c5 4. O-O Nc6 5. d4 e6 6. a3 b6 7. c4 Be7 8. cxd5
exd5 9. Nc3 O-O 10. Ne5 Bb7 11. Nxc6 Bxc6 12. Bg5 h6 13. Bxf6 Bxf6 14. dxc5
bxc5 15. Nxd5 Bxb2 16. Ra2 Rb8 17. Ne7+ Qxe7 18. Bxc6 c4 19. Bd5 c3 20. Qc2 Qc5
21. e4 Bxa3 22. Bb3 Rfd8 23. Rd1 Qb4 24. Bd5 Rd6 25. e5 Rdb6 26. Qf5 Qe7 27.
Rxa3 Qxa3 28. Qxf7+ Kh8 29. Qf5 Rf8 30. Qe4 Qc5 0-1

[Event "Detroit (MOR/4/59)"]
[Site "?"]
[Date "1992.??.??"]
[Round "?"]
[White "Letourneau, Keith"]
[Black "Vemuri, Ramana"]
[Result "0-1"]
[WhiteElo "1670"]
[BlackElo "1605"]
[PlyCount "89"]
[EventDate "1992.??.??"]

{4/(59)} 1. e4 c6 2. d4 d5 3. e5 Bf5 4. Bd3 Bxd3 5. Qxd3 e6 6. Nf3 Nd7 7. Be3
Ne7 8. Nbd2 Nf5 9. c3 Nxe3 10. Qxe3 Be7 11. a3 c5 12. Rc1 Rc8 13. O-O h6 14.
Nb3 Qb6 15. Nfd2 O-O 16. c4 cxd4 17. Qxd4 Qxd4 18. Nxd4 Nxe5 19. cxd5 exd5 20.
N2f3 Nxf3+ 21. Nxf3 Bf6 22. Rxc8 Rxc8 23. Rb1 Bxb2 24. h3 Rc1+ 25. Rxc1 Bxc1
26. a4 b6 27. Kf1 Kf8 28. Ke2 Ke7 29. Kd3 Bb2 30. Ne1 Kd6 31. Kc2 Bd4 32. Nd3
Bf6 33. Kb3 Bd4 34. Kb4 a6 35. f3 Bc5+ 36. Kc3 b5 37. a5 d4+ 38. Kb3 g5 39. Nf2
f5 40. Nd3 Kd5 41. Nf2 Bd6 42. Nd3 h5 43. Nf2 Bg3 44. Nd3 Bd6 45. Nf2 0-1

[Event "Detroit (MOR/2/70)"]
[Site "?"]
[Date "1992.??.??"]
[Round "?"]
[White "Letourneau, Keith"]
[Black "Smeltzer, P."]
[Result "1/2-1/2"]
[WhiteElo "1670"]
[BlackElo "1605"]
[PlyCount "131"]
[EventDate "1992.??.??"]

{2/(70)} 1. e4 c5 2. Nf3 d6 3. Bc4 e6 4. d4 cxd4 5. Nxd4 h6 6. Nc3 Nc6 7. Nf3
Be7 8. Be3 Bf6 9. Qd2 Nge7 10. O-O-O Bxc3 11. Qxc3 O-O 12. g4 f6 13. h4 d5 14.
Bd3 e5 15. exd5 Nxd5 16. Bc4 Be6 17. Bxd5 Bxd5 18. g5 fxg5 19. Nxe5 Rf5 20.
Nxc6 bxc6 21. hxg5 hxg5 22. Rh5 Qf6 23. Bd4 Qg6 24. Rh3 g4 25. Rg3 Re8 26. Rdg1
Qh6+ 27. Qd2 Qxd2+ 28. Kxd2 Bf3 29. Bxa7 c5 30. Re1 Rd5+ 31. Kc3 Rxe1 32. Kc4
Ree5 33. a4 Re2 34. b4 Rxc2+ 35. Kb5 cxb4+ 36. Kxb4 Rc7 37. Bb6 Rb7 38. a5 Kf7
39. Rg1 Rd2 40. Kc5 Ra2 41. Kc4 Kg6 42. Re1 Re2 43. Ra1 Kf5 44. Ra3 Ke6 45. Bd4
Rc7+ 46. Kd3 Rd7 47. Kc3 Rxd4 48. Kxd4 Rxf2 49. a6 Rd2+ 50. Ke3 Rd8 51. a7 Ba8
52. Kf4 Rd4+ 53. Kg3 Kf7 54. Ra5 Kg8 55. Rb5 Kh7 56. Rb8 Bf3 57. a8=Q Bxa8 58.
Rxa8 g6 59. Ra5 Kh6 60. Re5 g5 61. Re3 Rf4 62. Rd3 Kh5 63. Re3 Rf3+ 64. Rxf3
gxf3 65. Kxf3 Kh4 66. Kg2 1/2-1/2

[Event "Detroit (MOR/6/62)"]
[Site "?"]
[Date "1992.??.??"]
[Round "?"]
[White "Letourneau, Keith"]
[Black "Kamberi, Sonny"]
[Result "0-1"]
[WhiteElo "1670"]
[BlackElo "1605"]
[PlyCount "62"]
[EventDate "1992.??.??"]

{6/(62)} 1. e4 e5 2. Nf3 Nc6 3. Bc4 Bc5 4. d3 Nf6 5. Bg5 d6 6. a3 h6 7. Bh4 g5
8. Bg3 Bg4 9. h3 Bh5 10. Nbd2 Nd4 11. c3 Nxf3+ 12. Nxf3 Qe7 13. a4 a6 14. h4
O-O-O 15. b4 Ba7 16. b5 a5 17. Qb3 Bxf3 18. gxf3 Rhf8 19. Bd5 Nh5 20. Rb1 Nf4
21. Bxf4 exf4 22. Qc4 Kb8 23. hxg5 Qxg5 24. d4 f5 25. Qd3 fxe4 26. fxe4 Rde8
27. Qf3 Qxd5 28. Kd2 Rxe4 29. Kd3 Rxd4+ 30. cxd4 Qxf3+ 31. Kc4 d5# 0-1

[Event "East Lansing (MI Am/4)"]
[Site "?"]
[Date "1992.??.??"]
[Round "?"]
[White "Letourneau, Keith"]
[Black "Garrison, Ray"]
[Result "1/2-1/2"]
[WhiteElo "1605"]
[BlackElo "1935"]
[PlyCount "117"]
[EventDate "1992.??.??"]

1. e4 c5 2. Nf3 d6 3. Bc4 Nf6 4. d3 g6 5. e5 dxe5 6. Nxe5 e6 7. Bg5 Qa5+ 8. Nc3
Bg7 9. Qf3 Nbd7 10. Bb5 O-O 11. Bxd7 Nxd7 12. Nxd7 Bxc3+ 13. bxc3 Qxc3+ 14. Ke2
Qxc2+ 15. Bd2 Bxd7 16. Rhc1 Qa4 17. Rc4 Qc6 18. Qg3 e5 19. Rac1 b6 20. Re4 Rfe8
21. Bc3 f6 22. Re1 Rad8 23. Kf1 Bf5 24. R4e3 Qb5 25. Rd1 Qa4 26. Rd2 Qg4 27. h4
Qxg3 28. Rxg3 Rd7 29. Re3 Red8 30. Ke2 Kf7 31. f3 Rd6 32. g4 Bc8 33. g5 Rd5 34.
gxf6 Kxf6 35. f4 Kf5 36. Bxe5 Ba6 37. Bc7 R8d7 38. Re5+ Rxe5+ 39. Bxe5 c4 40.
dxc4 Bxc4+ 41. Ke3 Rxd2 42. Kxd2 Bxa2 43. Ke3 Kg4 44. Bf6 b5 45. Bg5 b4 46. Kd2
a5 47. Kc1 b3 48. Kb2 a4 49. Ka3 Kf5 50. Kb2 Ke4 51. Ka3 Kd3 52. Kb2 Ke2 53. h5
Kd3 54. hxg6 hxg6 55. Bh6 Ke2 56. Bf8 Kd3 57. Be7 Ke4 58. Bd6 Kd5 59. Be7
1/2-1/2

[Event "Detroit (MOR/7/68)"]
[Site "?"]
[Date "1992.??.??"]
[Round "?"]
[White "Letourneau, Keith"]
[Black "Feldman, J."]
[Result "1-0"]
[WhiteElo "1670"]
[BlackElo "1605"]
[PlyCount "109"]
[EventDate "1992.??.??"]

{7/(68)} 1. e4 e5 2. Nf3 Nc6 3. Bc4 Nf6 4. Nc3 Nxe4 5. Nxe4 d5 6. Bxd5 Qxd5 7.
Nc3 Qd8 8. d3 Bg4 9. h3 Bh5 10. Be3 Bb4 11. Qd2 Nd4 12. Nxe5 Qd5 13. Nxd5 Nxc2+
14. Kf1 Bxd2 15. Nxc7+ Ke7 16. Bxd2 Rac8 17. Nd5+ Ke6 18. Nf4+ Kxe5 19. Nxh5
Nxa1 20. Bc3+ Kd6 21. Nxg7 Rhg8 22. Nf5+ Kd7 23. Ne3 Rge8 24. g3 b5 25. Nd5 Re6
26. Nf6+ Kd8 27. Nxh7 Nc2 28. a3 Nxa3 29. Ng5 Rg6 30. Nxf7+ Ke7 31. Ne5 Re6 32.
h4 Rxc3 33. bxc3 Rxe5 34. Kg2 a5 35. h5 Kf8 36. g4 b4 37. cxb4 axb4 38. h6 Kg8
39. f4 Rc5 40. g5 b3 41. g6 Rc8 42. f5 b2 43. f6 Rc2+ 44. Kg3 Kf8 45. h7 Ke8
46. h8=Q+ Kd7 47. Rh7+ Kd6 48. Qd8+ Kc5 49. Qe7+ Kd4 50. Qe4+ Kc3 51. Rc7+ Kb3
52. Qb7+ Ka2 53. Rxc2 Nxc2 54. Qxb2+ Kxb2 55. f7 1-0

[Event "East Lansing (MI Am/1)"]
[Site "?"]
[Date "1992.??.??"]
[Round "?"]
[White "Letourneau, Keith"]
[Black "Calabria, John"]
[Result "1-0"]
[WhiteElo "1605"]
[BlackElo "1605"]
[PlyCount "45"]
[EventDate "1992.??.??"]

1. e4 c5 2. Nf3 d6 3. Bc4 Bg4 4. Ne5 dxe5 5. Qxg4 Nf6 6. Qg3 Nc6 7. Bb5 Nd7 8.
c3 Qc7 9. O-O e6 10. d3 Be7 11. Qxg7 O-O-O 12. Qxf7 Rdf8 13. Qxe6 Rf6 14. Qh3
Qb6 15. Bc4 Na5 16. Bd5 c4 17. dxc4 Rhf8 18. Be3 Qxb2 19. Nd2 Bc5 20. Bxc5 Qxd2
21. Bxf8 Rxf8 22. Rad1 Qxa2 23. Ra1 1-0

[Event "Detroit (MOR/2/96)"]
[Site "?"]
[Date "1992.??.??"]
[Round "?"]
[White "Lester, T."]
[Black "Spencer, Gordon"]
[Result "1/2-1/2"]
[WhiteElo "1605"]
[BlackElo "1605"]
[PlyCount "85"]
[EventDate "1992.??.??"]

{2/(96)} 1. e4 g6 2. d4 Bg7 3. Nf3 d6 4. Nc3 Nf6 5. Be3 h6 6. Bd3 e6 7. Qd2 g5
8. O-O-O Ng4 9. Rhf1 Nc6 10. h3 Nxe3 11. fxe3 Bd7 12. a3 Qe7 13. d5 Ne5 14.
Nxe5 Bxe5 15. dxe6 Qxe6 16. Nd5 O-O-O 17. Qa5 Kb8 18. Qxc7+ Ka8 19. Qxd8+ Rxd8
20. Nc7+ Kb8 21. Nxe6 Bxe6 22. g4 f6 23. Rf2 Rf8 24. Rh1 d5 25. c3 Rf7 26. Rhf1
a6 27. Kd2 Kc7 28. exd5 Bxd5 29. Bf5 Bg3 30. Re2 Bc4 31. a4 Bxe2 32. Kxe2 Re7
33. Rd1 Bf4 34. Rd3 Be5 35. Rd2 b6 36. b3 a5 37. b4 Bd6 38. bxa5 bxa5 39. Rd5
Re5 40. Rxe5 Bxe5 41. Kd3 Kc6 42. c4 Kc5 43. Bd7 1/2-1/2

[Event "Detroit (MI Op/2/24)"]
[Site "?"]
[Date "1992.??.??"]
[Round "?"]
[White "Lehotzky, Attila"]
[Black "Koger, Melvin"]
[Result "1-0"]
[WhiteElo "2060"]
[BlackElo "1850"]
[PlyCount "121"]
[EventDate "1992.??.??"]

{2/(24)} 1. d4 d5 2. c4 c6 3. cxd5 cxd5 4. Nf3 Nf6 5. Bg5 Ne4 6. Bf4 e6 7. a3
Qb6 8. Qc2 Nc6 9. e3 Be7 10. Bd3 Qa5+ 11. Nbd2 Nb4 12. Qb1 Nxd3+ 13. Qxd3 Bd7
14. Qb1 Nxd2 15. Nxd2 Bb5 16. b4 Qa6 17. Nb3 b6 18. Kd2 Rc8 19. Rc1 O-O 20. Qb2
Bd3 21. Rc3 Bg6 22. Rac1 Rc4 23. Ke1 Rfc8 24. Nd2 Rxc3 25. Rxc3 h6 26. Qc1 Rxc3
27. Qxc3 Bf6 28. f3 Qd3 29. Qxd3 Bxd3 30. Bb8 a5 31. bxa5 bxa5 32. Nb3 a4 33.
Nc5 Bb5 34. Kd2 Kf8 35. Bd6+ Ke8 36. Kc3 Be7 37. Bxe7 Kxe7 38. Kb4 Bc6 39. Nxa4
Kd6 40. Nc5 Kc7 41. a4 Ba8 42. a5 Bc6 43. Nd3 g5 44. Ne5 Be8 45. Kc5 h5 46. a6
f6 47. Nd3 Bc6 48. a7 Ba8 49. Nb4 Bb7 50. Na6+ Kd7 51. Kb6 Ba8 52. Nc7 Bc6 53.
Nxe6 Ba8 54. Nc7 Bc6 55. a8=Q Bxa8 56. Nxa8 Kd6 57. Nc7 f5 58. Nb5+ Ke6 59. Kc6
f4 60. Nc7+ Kf5 61. Nxd5 1-0

[Event "Detroit (MI Op/6/7)"]
[Site "?"]
[Date "1992.??.??"]
[Round "?"]
[White "Lehotzky, Attila"]
[Black "Hahn, David"]
[Result "1/2-1/2"]
[WhiteElo "2060"]
[BlackElo "2225"]
[PlyCount "86"]
[EventDate "1992.??.??"]

{6/(7)} 1. Nf3 d6 2. g3 f5 3. Bg2 Nf6 4. d4 g6 5. Bg5 Bg7 6. Nc3 c6 7. O-O O-O
8. Qd2 Qb6 9. Rab1 Nbd7 10. Nh4 d5 11. f4 Ng4 12. Rfd1 Ndf6 13. h3 Nh6 14. Bxh6
Bxh6 15. Kh2 Qc7 16. Nf3 b6 17. Ne5 Bb7 18. Rbc1 Nd7 19. Nxd7 Qxd7 20. h4 e6
21. e3 c5 22. Ne2 Bg7 23. c3 c4 24. Ng1 b5 25. Nf3 a5 26. a3 Ra6 27. Bf1 h5 28.
Rb1 Bc6 29. b4 axb4 30. axb4 Rfa8 31. Rb2 Bf6 32. Rdb1 Ra3 33. Ne1 R8a6 34. Nc2
R3a4 35. Bg2 Qa7 36. Ne1 Bd7 37. Bf1 Ra3 38. Be2 Ra2 39. Rxa2 Rxa2 40. Rb2 Ra6
41. Bd1 Ra1 42. Nc2 Ra6 43. Ne1 Ra1 1/2-1/2

[Event "Detroit (MI Op/5/17)"]
[Site "?"]
[Date "1992.??.??"]
[Round "?"]
[White "Lehotzky, Attila"]
[Black "Aldrich, Jeff"]
[Result "1-0"]
[WhiteElo "2060"]
[BlackElo "1950"]
[PlyCount "63"]
[EventDate "1992.??.??"]

{5/(17)} 1. d4 d5 2. Bf4 Nf6 3. e3 e6 4. a3 c5 5. dxc5 Bxc5 6. Nf3 Nc6 7. Nbd2
O-O 8. Nb3 Bb6 9. Be2 Re8 10. h3 e5 11. Bg5 Be6 12. c3 Qe7 13. Bb5 Bc7 14. Qc2
h6 15. Bh4 a6 16. Be2 Bb6 17. g4 d4 18. cxd4 Bxb3 19. Qxb3 exd4 20. Qxb6 dxe3
21. fxe3 g5 22. Bf2 Nd5 23. Qb3 Nf4 24. Kf1 Rac8 25. Re1 Nxe2 26. Rxe2 Qe4 27.
Qxb7 Qxf3 28. Rh2 Red8 29. Re1 Ne5 30. Qxa6 Rd1 31. Qxc8+ Kg7 32. Qc2 1-0

[Event "Detroit (MOR/7/108)"]
[Site "?"]
[Date "1992.??.??"]
[Round "?"]
[White "Leaman, P."]
[Black "Ruderman, M."]
[Result "0-1"]
[WhiteElo "1605"]
[BlackElo "1605"]
[PlyCount "112"]
[EventDate "1992.??.??"]

{7/(108)} 1. d4 d5 2. c4 dxc4 3. Nc3 e6 4. Bf4 Nf6 5. Nf3 Bd6 6. Bxd6 cxd6 7.
e3 d5 8. Ne5 O-O 9. Be2 Nbd7 10. O-O Nxe5 11. dxe5 Nd7 12. e4 Nb6 13. h3 d4 14.
Nb5 d3 15. Bg4 f5 16. exf6 Qxf6 17. Re1 Qxb2 18. Nd4 Qxd4 19. Qd2 c3 20. Qe3
Qxe3 21. Rxe3 Rd8 22. Rc1 c2 23. Ree1 e5 24. Bf3 Be6 25. a3 d2 26. Rf1 dxc1=Q
27. Rxc1 Rac8 28. Bh5 g6 29. Be2 h5 30. h4 Rd4 31. f3 Bc4 32. Rxc2 Bxe2 33.
Rxe2 Rc1+ 34. Kf2 Ra4 35. g4 Rxa3 36. gxh5 gxh5 37. f4 exf4 38. e5 Rcc3 39. e6
Re3 40. e7 Rxe2+ 41. Kxe2 Re3+ 42. Kf2 Rxe7 43. Kf3 Rf7 44. Ke4 a5 45. Kd3 f3
46. Ke3 f2 47. Ke4 f1=Q 48. Ke5 Qe1+ 49. Kd6 Nc8+ 50. Kc5 Qb4+ 51. Kd5 Qd6+ 52.
Ke4 Re7+ 53. Kf3 Qd4 54. Kg3 Re3+ 55. Kf2 Qd2+ 56. Kf1 Re1# 0-1

[Event "Detroit (MOR/3/109)"]
[Site "?"]
[Date "1992.??.??"]
[Round "?"]
[White "Leaman, P."]
[Black "Raupp, Kenneth A"]
[Result "0-1"]
[WhiteElo "1605"]
[BlackElo "1605"]
[PlyCount "82"]
[EventDate "1992.??.??"]

{3/(109)} 1. d4 f5 2. c3 e6 3. f4 Nf6 4. Nf3 b6 5. Nbd2 Bb7 6. Nc4 Be7 7. b3
O-O 8. Nce5 d6 9. Nd3 Nbd7 10. c4 Ne4 11. g3 Ndf6 12. Ng5 Nxg5 13. fxg5 Bxh1
14. gxf6 Bxf6 15. Nf2 Be4 16. Nxe4 fxe4 17. d5 Bxa1 18. dxe6 Qf6 19. Bh3 Bd4
20. Kd2 e3+ 21. Kd3 c5 22. Kc2 Qg6+ 23. Qd3 Qxd3+ 24. Kxd3 Rf2 25. Bxe3 Bxe3
26. Kxe3 Rxh2 27. Bf5 Rf8 28. e7 Re8 29. Be6+ Kh8 30. Bd7 Rxe7+ 31. Kf3 Rxd7
32. Ke3 Re7+ 33. Kf3 Rhxe2 34. a4 a5 35. b4 axb4 36. Kg4 b3 37. a5 bxa5 38. Kf3
b2 39. Kg4 b1=Q 40. Kg5 Rf2 41. g4 Qg6+ 0-1

[Event "Detroit (MOR/5/112)"]
[Site "?"]
[Date "1992.??.??"]
[Round "?"]
[White "Leaman, P."]
[Black "Boyer, Mike"]
[Result "0-1"]
[WhiteElo "1605"]
[BlackElo "1605"]
[PlyCount "158"]
[EventDate "1992.??.??"]

{5/(112)} 1. d4 d5 2. c4 Nf6 3. Bg5 e6 4. Nf3 h6 5. Bf4 Nc6 6. Nc3 a6 7. b3 Bb4
8. Rc1 Ne4 9. Bd2 Na5 10. Nxe4 dxe4 11. Ne5 Bxd2+ 12. Qxd2 Nc6 13. Nxc6 bxc6
14. e3 O-O 15. c5 Qd7 16. Bc4 Rd8 17. Rd1 Qe7 18. O-O e5 19. Qc3 exd4 20. Rxd4
Rxd4 21. Qxd4 Bf5 22. h3 Rd8 23. Qa1 Qg5 24. Rd1 Rf8 25. Bxa6 Bxh3 26. Bf1 Bg4
27. Rd4 Bf5 28. g3 Qf6 29. a4 Bg4 30. a5 Ra8 31. Ra4 Qg6 32. a6 Qh5 33. Bg2 Bf3
34. a7 Qg4 35. Rb4 Qc8 36. Bxf3 exf3 37. Rf4 Qb7 38. Rxf3 Rxa7 39. Qd1 Qa8 40.
Qd7 f6 41. Qe6+ Kh8 42. g4 Ra5 43. b4 Ra4 44. e4 Rxb4 45. e5 Qa1+ 46. Kg2 Qxe5
47. Qxe5 fxe5 48. Re3 Rxg4+ 49. Kf3 Rg5 50. Rd3 h5 51. Rd2 e4+ 52. Kxe4 Rxc5
53. Rd7 h4 54. Rxc7 h3 55. Ra7 Kh7 56. Ra1 Rc3 57. Rh1 Kh6 58. f3 g5 59. Rxh3+
Kg6 60. Kd4 g4 61. Rg3 Rxf3 62. Rxg4+ Kf5 63. Re4 Ra3 64. Re1 Ra6 65. Rc1 Ke6
66. Kc4 Kd6 67. Rd1+ Kc7 68. Kc5 Rb6 69. Rd6 Rb5+ 70. Kd4 Kxd6 71. Ke4 Rd5 72.
Kf4 c5 73. Kg4 c4 74. Kh4 c3 75. Kg3 c2 76. Kf3 c1=Q 77. Ke2 Qc3 78. Kf2 Rd2+
79. Kf1 Qc1# 0-1

[Event "Detroit (MI Op/4/34)"]
[Site "?"]
[Date "1992.??.??"]
[Round "?"]
[White "LeBlanc, R."]
[Black "Wydryck, Robert"]
[Result "0-1"]
[WhiteElo "1815"]
[BlackElo "1945"]
[PlyCount "172"]
[EventDate "1992.??.??"]

{4/(34)} 1. Nf3 Nf6 2. g3 d5 3. d4 e6 4. Bg5 Be7 5. Bg2 O-O 6. O-O c5 7. c3 b6
8. Nbd2 Bb7 9. Re1 h6 10. Bxf6 Bxf6 11. dxc5 bxc5 12. e3 Qc7 13. Rc1 Nd7 14.
Qc2 Rfc8 15. e4 Qa5 16. exd5 exd5 17. b3 Re8 18. c4 d4 19. Rxe8+ Rxe8 20. Re1
Ne5 21. Nxe5 Bxg2 22. Kxg2 Rxe5 23. Rxe5 Bxe5 24. Nf3 Bf6 25. Qf5 Qc7 26. Qd5
a5 27. Nd2 Qe5 28. Qxe5 Bxe5 29. Ne4 d3 30. Kf1 Bd4 31. f3 Kf8 32. Ke1 Be3 33.
Nd6 g6 34. a4 Ke7 35. Nb7 Kd7 36. Nxa5 Kc7 37. Kd1 Kb6 38. b4 cxb4 39. Nb3 f5
40. h3 g5 41. g4 fxg4 42. fxg4 Kc6 43. a5 Kd6 44. Ke1 Bf4 45. Kd1 Kc6 46. Ke1
Be3 47. Kd1 Kb7 48. Ke1 Ka6 49. Kd1 Kb7 50. Ke1 Kc7 51. Kd1 Kd6 52. Ke1 Ke5 53.
Kd1 Ke4 54. Ke1 Ba7 55. Kd1 Bb8 56. Kd2 Bf4+ 57. Kd1 Bc7 58. Kd2 Bb8 59. Kd1
Ke3 60. Ke1 d2+ 61. Nxd2 Kd4 62. Kd1 Bc7 63. a6 Bb6 64. Kc2 Kc5 65. Kd3 Ba7 66.
Ne4+ Kb6 67. Nd6 Kxa6 68. Nf7 Ka5 69. Nxh6 Ka4 70. Kc2 b3+ 71. Kb1 Kb4 72. Nf7
Be3 73. Nd6 Kc5 74. Nf5 Bf2 75. Kb2 Kxc4 76. Nd6+ Kb4 77. Ne4 Bd4+ 78. Kb1 Be3
79. Kb2 Bf4 80. Nf2 Be5+ 81. Kb1 Kc4 82. Ne4 Bf4 83. Nf2 Be3 84. Nd1 Bd4 85.
Nb2+ Bxb2 86. Kxb2 Kd4 0-1

[Event "Detroit (MI Op/6/41)"]
[Site "?"]
[Date "1992.??.??"]
[Round "?"]
[White "LeBlanc, R."]
[Black "Robes, S."]
[Result "0-1"]
[WhiteElo "1815"]
[BlackElo "1745"]
[PlyCount "74"]
[EventDate "1992.??.??"]

{6/(41)} 1. d4 d5 2. Nf3 c6 3. Nc3 Nf6 4. e3 Bg4 5. Be2 Nbd7 6. O-O e6 7. h3
Bf5 8. Bd3 Bb4 9. Bxf5 exf5 10. Bd2 Bxc3 11. Bxc3 Ne4 12. Qd3 O-O 13. Rfd1 Re8
14. b3 g6 15. Bb2 b5 16. c4 b4 17. cxd5 cxd5 18. a3 a5 19. axb4 axb4 20. Rxa8
Qxa8 21. Ra1 Qb7 22. Ra5 Rc8 23. Rb5 Qa6 24. Ne1 Nc3 25. Bxc3 Rxc3 26. Qf1 Kg7
27. Rxb4 Qa1 28. Qb5 Qxe1+ 29. Kh2 Nf6 30. Qb8 Qxf2 31. Rb6 Qxe3 32. Qd6 Qxd4
33. Rb7 Ne4 34. Qf4 Rd3 35. Qh4 Rd1 36. Rxf7+ Kxf7 37. Qxh7+ Qg7 0-1

[Event "Detroit (MI Op/7/37)"]
[Site "?"]
[Date "1992.??.??"]
[Round "?"]
[White "LeBlanc, R."]
[Black "Raupp, Kenneth L"]
[Result "1/2-1/2"]
[WhiteElo "1815"]
[BlackElo "1625"]
[PlyCount "60"]
[EventDate "1992.??.??"]

{7/(37)} 1. d4 f5 2. c4 Nf6 3. Nc3 g6 4. Nf3 Bg7 5. e3 O-O 6. Bd3 d6 7. O-O c6
8. b3 Qc7 9. Bb2 e5 10. dxe5 dxe5 11. Be2 Ng4 12. h3 Nf6 13. Qc2 h6 14. Rfd1
Be6 15. Na4 Nbd7 16. Bc3 b6 17. Bb4 c5 18. Bc3 Ne4 19. Bb2 Rad8 20. Nc3 Nxc3
21. Bxc3 e4 22. Bxg7 Kxg7 23. Qc3+ Rf6 24. Nh2 Kf7 25. g4 f4 26. exf4 Qxf4 27.
Qe3 g5 28. Rd2 Ke7 29. Rad1 Rff8 30. Nf1 Rf7 1/2-1/2

[Event "Detroit (MI Op/2/41)"]
[Site "?"]
[Date "1992.??.??"]
[Round "?"]
[White "LeBlanc, R."]
[Black "Brady, Lindell"]
[Result "0-1"]
[WhiteElo "1815"]
[BlackElo "1940"]
[PlyCount "96"]
[EventDate "1992.??.??"]

{2/(41)} 1. d4 Nf6 2. c4 e6 3. Nc3 Bb4 4. Nf3 Bxc3+ 5. bxc3 d6 6. Bg5 h6 7.
Bxf6 Qxf6 8. e3 O-O 9. Bd3 Nd7 10. O-O c5 11. Rc1 e5 12. d5 Qe7 13. e4 Nf6 14.
Ne1 Bg4 15. f3 Bh5 16. g3 g5 17. g4 Bg6 18. Ng2 Kg7 19. h4 gxh4 20. Nxh4 Nh7
21. Nf5+ Bxf5 22. exf5 Qh4 23. Rc2 Qg3+ 24. Rg2 Qf4 25. Qd2 Qxd2 26. Rxd2 Ng5
27. Kg2 f6 28. f4 exf4 29. Rxf4 Rfe8 30. Re2 Rxe2+ 31. Bxe2 Re8 32. Bd1 Re3 33.
Rf2 Ne4 34. Rb2 b6 35. Rb3 Rg3+ 36. Kh2 Rxc3 37. Rxc3 Nxc3 38. Bb3 h5 39. Kh3
Kh6 40. Kh4 hxg4 41. Kxg4 Ne4 42. a4 Nf2+ 43. Kh4 Nd3 44. Kg4 Ne5+ 45. Kh4 Nf3+
46. Kg4 Nd4 47. Bd1 a6 48. Bf3 Nxf3 0-1

[Event "Jackson (Prison m)"]
[Site "?"]
[Date "1992.??.??"]
[Round "?"]
[White "Lavell"]
[Black "Solski, Jeff"]
[Result "0-1"]
[WhiteElo "1605"]
[BlackElo "1605"]
[PlyCount "64"]
[EventDate "1992.??.??"]

1. e4 d6 2. d4 Nf6 3. Bg5 Nxe4 4. Bf4 g6 5. Qe2 Nf6 6. Nc3 Bg7 7. d5 O-O 8. Nf3
Bg4 9. h3 Bxf3 10. Qxf3 Nbd7 11. O-O-O a5 12. Bb5 Nc5 13. g4 a4 14. a3 Nfd7 15.
Bxd7 Qxd7 16. h4 c6 17. h5 cxd5 18. Nxd5 Ra5 19. Rde1 e6 20. Nb6 Qb5 21. Nxa4
Rxa4 22. b3 Rxa3 23. hxg6 Nxb3+ 24. cxb3 Rc8+ 25. Kd1 Ra1+ 26. Kd2 Qb4+ 27. Ke2
Rc2+ 28. Bd2 Qxd2+ 29. Kf1 Qxe1+ 30. Kg2 Qxh1+ 31. Kg3 Be5+ 32. Qf4 Rg1# 0-1

[Event "Flint (MEX/1)"]
[Site "?"]
[Date "1992.??.??"]
[Round "?"]
[White "Laren, Philip"]
[Black "Vandivier, Don"]
[Result "1-0"]
[WhiteElo "2210"]
[BlackElo "2050"]
[PlyCount "91"]
[EventDate "1992.??.??"]

1. d4 d5 2. c4 e6 3. Nc3 Nf6 4. Bg5 Be7 5. e3 O-O 6. Nf3 Nbd7 7. Rc1 a6 8. cxd5
exd5 9. Bd3 c5 10. O-O cxd4 11. exd4 b5 12. Bb1 Re8 13. Re1 Bb7 14. Qd3 Ne4 15.
Bxe7 Qxe7 16. Nd2 Qh4 17. Ncxe4 dxe4 18. Nxe4 Nf6 19. Nxf6+ gxf6 20. Qg3+ Qxg3
21. hxg3 Rxe1+ 22. Rxe1 Rd8 23. Rd1 h5 24. f3 Kf8 25. Kf2 Ke7 26. Ke3 Kd6 27.
Kf4 Bd5 28. Rh1 Re8 29. Be4 Rc8 30. Bd3 b4 31. Rxh5 Bxa2 32. Ra5 Bc4 33. Bxc4
Rxc4 34. Rxa6+ Kd5 35. Rxf6 Rxd4+ 36. Ke3 Rc4 37. Kd3 Rd4+ 38. Kc2 Kc4 39. Rc6+
Kd5 40. Rc7 Ke6 41. g4 f6 42. Rc6+ Ke5 43. g3 Kd5 44. Rxf6 Kc5 45. Rf4 b3+ 46.
Kc1 1-0

[Event "Flint (MEX/4)"]
[Site "?"]
[Date "1992.??.??"]
[Round "?"]
[White "Laren, Philip"]
[Black "Tsemekhman, Vadim"]
[Result "0-1"]
[WhiteElo "2210"]
[BlackElo "2440"]
[PlyCount "54"]
[EventDate "1992.??.??"]

1. e4 c5 2. Nc3 Nc6 3. g3 g6 4. Bg2 Bg7 5. f4 d6 6. Nf3 e6 7. O-O Nge7 8. a3
O-O 9. Rb1 Bd7 10. Ne2 Nd4 11. Nfxd4 cxd4 12. c4 Rc8 13. d3 b5 14. cxb5 Bxb5
15. a4 Bc6 16. b4 Kh8 17. Qb3 f5 18. b5 Bb7 19. Bd2 Qd7 20. Bb4 e5 21. Qa3 Rc2
22. Bxd6 Rxe2 23. Bxe7 Rf7 24. Bd6 fxe4 25. Bxe5 Bxe5 26. fxe5 Rxg2+ 27. Kxg2
e3+ 0-1

[Event "Detroit (MI Op/3/2)"]
[Site "?"]
[Date "1992.??.??"]
[Round "?"]
[White "Laren, Philip"]
[Black "Strugach, L."]
[Result "1-0"]
[WhiteElo "2215"]
[BlackElo "2400"]
[PlyCount "43"]
[EventDate "1992.??.??"]

{3/(2)} 1. d4 Nf6 2. c4 e6 3. Nf3 b6 4. Nc3 Bb7 5. Bg5 Be7 6. e3 O-O 7. Bd3 h6
8. h4 d5 9. cxd5 exd5 10. Bxf6 Bxf6 11. g4 Re8 12. g5 hxg5 13. hxg5 Bxg5 14.
Ne5 Rxe5 15. dxe5 Nd7 16. Bh7+ Kf8 17. Bf5 Bh6 18. f4 Nc5 19. Qg4 Qe7 20. O-O-O
Rd8 21. Rxh6 gxh6 22. Rh1 1-0

[Event "Detroit (MI Op/6/4)"]
[Site "?"]
[Date "1992.??.??"]
[Round "?"]
[White "Laren, Philip"]
[Black "Stone, Ray"]
[Result "0-1"]
[WhiteElo "2215"]
[BlackElo "2420"]
[PlyCount "122"]
[EventDate "1992.??.??"]

{6/(4)} 1. c4 Nf6 2. Nc3 c5 3. e3 e6 4. Nf3 Nc6 5. d4 d5 6. cxd5 Nxd5 7. Bd3
Be7 8. O-O O-O 9. a3 cxd4 10. exd4 Bf6 11. Be4 Nce7 12. Qd3 g6 13. Bh6 Bg7 14.
Qd2 b6 15. Rfe1 Bb7 16. h4 Rb8 17. Bxg7 Kxg7 18. h5 Nf6 19. h6+ Kg8 20. Rad1
Nxe4 21. Nxe4 Bxe4 22. Rxe4 Nd5 23. Qd3 Rc8 24. Rg4 Qc7 25. Rd2 Rfd8 26. Ne5
Ne7 27. Rf4 Nf5 28. g4 Nxh6 29. Kg2 f5 30. gxf5 Nxf5 31. Qb3 Qd6 32. Rd3 Qd5+
33. Qxd5 Rxd5 34. Kf3 Rcd8 35. Nc6 R8d7 36. Rc3 Kg7 37. Ne5 Nxd4+ 38. Rxd4 Rxd4
39. Nxd7 Rxd7 40. Ke4 Rf7 41. f4 Kf6 42. b4 h5 43. a4 h4 44. Rc8 Rh7 45. Rf8+
Ke7 46. Ra8 Kd6 47. Rd8+ Kc7 48. Rd1 Rh5 49. Rh1 h3 50. Rh2 Kd6 51. Kd4 Ke7 52.
Ke4 Kf6 53. Ke3 Kf5 54. Kf3 Rh7 55. a5 b5 56. Kg3 a6 57. Kf3 e5 58. fxe5 Kxe5
59. Rh1 Kd4 60. Kg3 Kc3 61. Kh2 Kxb4 0-1

[Event "Detroit (MI Op/1a/12)"]
[Site "?"]
[Date "1992.??.??"]
[Round "?"]
[White "Laren, Philip"]
[Black "Smith, Daryn"]
[Result "1-0"]
[WhiteElo "2215"]
[BlackElo "1875"]
[PlyCount "101"]
[EventDate "1992.??.??"]

1. d4 Nf6 2. c4 g6 3. Nc3 Bg7 4. e4 d6 5. Be2 O-O 6. Nf3 e5 7. O-O Nc6 8. d5
Ne7 9. b4 Nh5 10. c5 f5 11. Ng5 Nf6 12. f3 f4 13. a4 h6 14. Ne6 Bxe6 15. dxe6
dxc5 16. bxc5 c6 17. Qxd8 Rfxd8 18. Rb1 Rab8 19. Rd1 Rxd1+ 20. Nxd1 Ne8 21. a5
Nc7 22. a6 b5 23. cxb6 Rxb6 24. Rxb6 axb6 25. Ba3 Nc8 26. Bc4 Bf6 27. Nf2 Kg7
28. Nd3 b5 29. Ba2 Nxa6 30. Kf1 h5 31. Ke2 g5 32. h3 b4 33. Bb2 Ne7 34. Bc4 Nc7
35. Nxb4 Nb5 36. Bxb5 cxb5 37. Kd3 Kf8 38. Ba3 Ke8 39. Nd5 Nxd5 40. exd5 Be7
41. d6 Bf6 42. Ke4 g4 43. hxg4 hxg4 44. fxg4 Bg7 45. Bb4 f3 46. gxf3 Bf6 47.
Bc3 b4 48. Bxb4 Bg5 49. Kxe5 Be7 50. d7+ Kd8 51. Ba5# 1-0